Statistics for Tourist Attraction by Negative Review

Click here to take the quiz!

General Stats

  • This quiz has been taken 16,946 times
  • The average score is 12 of 17

Answer Stats

HintAnswer% Correct
So many tourists inside that there's basically no room to move.
The Mona Lisa is completely over rated!
Musée du Louvre
95%
Watch Gladiator instead....The Colosseum
90%
The lake is wonderful but when you come for the monster, don’t travel there
since it will not show up.
Loch Ness
90%
If you enjoy waiting in line for 3 hours, getting on a boat, looking at a statue, and then
waiting another 3 hours to get on a boat you would give it 5 stars.
The Statue of Liberty
89%
My hostel organised a driver to take me to Giza and back. My driver took me to a place
where I could get a camel. I foolishly hadn't read reviews about the animal cruelty.
Pyramids of Giza
86%
Surrounded by tourists all trying to take their picture whether it's holding up
the tower with their feet, arms or bottom.
Leaning Tower
of Pisa
85%
£21 per person is excessive to see a pile of rocks from a distance.Stonehenge
74%
Shrouded in pollution; 750 rupees entry fee for foreigners and almost nothing for locals.Taj Mahal
74%
The number of "abandoned" dogs at this site is a travesty and should be an
embarrassment to the Greek people.
The Parthenon
73%
If you really want to stand looking at wax figures and pay over-inflated prices
while missing the real parts of London, this is the place.
Madame Tussauds
71%
You are a giant hole in the ground. You were caused be erosion. Can you say "overrated?"Grand Canyon
68%
The Crown Jewels have a people mover so you cannot spend any time looking at them.The Tower of London
65%
Not in a tower. Cannot be rung, AND it's broken.Liberty Bell
57%
Could not fathom the rabid bunch frantically trying to get their picture taken in front of this
very nice but underwhelming statue. Copenhagen has so much more to offer.
The Little Mermaid
57%
Basically a cash grab. Unless you absolutely need to see where Elvis slept,
forget about it. Neighbourhood is sketchy.
Graceland
56%
Swiss prices with Peruvian services.Machu Picchu
56%
New fast pass system is horrible!!! Unless you have money prepare to wait in long lines.Disney World
55%

Score Distribution

Percentile by Number Answered

Percent of People with Each Score

Your Score History

You have not taken this quiz